England Women National Football Team Opponents 1980-1989 - Statistics

General Stats
  • This quiz has been taken 5 times
  • The average score is 47 of 57
Answer Stats
Modern Confederation Year + Result Country % Correct
UEFA 1981 1-0 L Denmark
100%
UEFA 1984 2-1 W Denmark
100%
UEFA 1984 1-0 W Denmark
100%
UEFA 1985 1-0 L Denmark
100%
UEFA 1987 2-1 W Denmark
100%
UEFA 1988 2-0 L Denmark
100%
UEFA 1988 1-1 D France
100%
UEFA 1981 3-0 L Norway
100%
UEFA 1988 2-0 L Norway
100%
UEFA 1988 3-1 L Norway
100%
UEFA 1987 2-1 W Finland
80%
UEFA 1988 1-1 D Finland
80%
UEFA 1989 0-0 D Finland
80%
UEFA 1981 5-0 W Ireland
80%
UEFA 1982 1-0 W Ireland
80%
UEFA 1983 6-0 W Ireland
80%
UEFA 1985 6-0 W Ireland
80%
UEFA 1986 4-0 W Ireland
80%
UEFA 1987 1-0 W Ireland
80%
UEFA 1988 2-0 W Ireland
80%
UEFA 1982 2-0 L Italy
80%
UEFA 1984 1-1 D Italy
80%
UEFA 1984 3-1 W Italy
80%
UEFA 1985 1-1 D Italy
80%
UEFA 1985 3-2 W Italy
80%
UEFA 1987 2-1 L Italy
80%
UEFA 1988 3-0 W Italy
80%
UEFA 1988 2-1 W Italy
80%
UEFA 1989 1-1 D Italy
80%
UEFA 1989 0-0 D Netherlands
80%
UEFA 1982 7-1 W Northern Ireland
80%
UEFA 1983 4-0 W Northern Ireland
80%
UEFA 1985 8-1 W Northern Ireland
80%
UEFA 1986 10-0 W Northern Ireland
80%
UEFA 1987 6-0 W Northern Ireland
80%
UEFA 1982 4-0 W Scotland
80%
UEFA 1983 2-0 W Scotland
80%
UEFA 1985 4-0 W Scotland
80%
UEFA 1986 3-1 W Scotland
80%
UEFA 1989 3-0 W Scotland
80%
UEFA 1980 1-1 D Sweden
80%
UEFA 1982 1-1 D Sweden
80%
UEFA 1983 2-2 D Sweden
80%
UEFA 1984 1-0 L Sweden
80%
UEFA 1984 1-0 W Sweden
80%
UEFA 1987 3-2 L Sweden
80%
UEFA 1989 2-0 L Sweden
80%
CONCACAF 1985 3-1 W USA
80%
CONCACAF 1988 2-0 W USA
80%
UEFA 1980 6-1 W Wales
80%
UEFA 1985 6-0 W Wales
80%
UEFA 1984 2-0 L West Germany
80%
UEFA 1980 2-1 L Belgium
60%
UEFA 1984 1-1 D Belgium
60%
UEFA 1984 2-1 W Belgium
60%
UEFA 1989 2-0 W Belgium
60%
AFC 1981 4-0 W Japan
60%
No matching quizzes found
Score Distribution
Percent of People with Each Score
Percentile by Number Answered
Your Score History
You have not taken this quiz